| 000 | 00821cam a2200277 i 4500 | ||
|---|---|---|---|
| 999 |
_c200437062 _d55274 |
||
| 001 | 200437062 | ||
| 003 | TR-AnTOB | ||
| 005 | 20200401174646.0 | ||
| 008 | 200110s1969 tu 000 0 eng d | ||
| 040 |
_aTR-AnTOB _beng _cTR-AnTOB _erda |
||
| 041 | 0 | _aeng | |
| 050 | _aHF5568 | ||
| 090 |
_aHF5568 _b.R863 1969 |
||
| 100 | 1 |
_9126579 _aRuncie, Neil _eauthor |
|
| 245 |
_aThe economics of instalment credit / _cNeil Runcie. |
||
| 264 | 1 |
_aEngland; _bUniversity of London Press, _c1969. |
|
| 264 | 4 | _c©1969 | |
| 300 |
_a140 pages ; _billustrations, _c22 cm |
||
| 336 |
_2rdacontent _atext _btxt |
||
| 337 |
_2rdamedia _aunmediated _bn |
||
| 338 |
_2rdacarrier _avolume _bnc |
||
| 504 | _aIncludes bibliography and index. | ||
| 650 | 0 |
_aInstallment plan _2e _9127637 |
|
| 942 |
_2lcc _cBK |
||